000 00601nam a22001937a 4500
999 _c12891
_d12891
003 AR-CdUCM
008 190410b ||||| |||| 00| 0 spa d
040 _aMUNICIPALIDAD PROVINCIAL DEL CUSCO
_cBIBLIOTECA MUNICIPAL DEL CUSCO
082 _a331.88 /
_bT69
100 _aTorres Morales, Emperatriz
_930994
245 _aLa historia de mis luchas y su fuerza en mi destino /
260 _c1980.
300 _a104 paginas ;
_c21 cm.
505 _aContenido : La actividad sindical /
650 _aMujeres
_93760
650 _aSindicalismo
_95257
942 _2ddc
_cLIBROS
945 _arjall
_d2019-04-10